ARRUPE JESUIT UNIVERSITY

CORONAVIRUS -STOP THE SPREAD - CLEAN,DISINFECT,COVER

Stowaway to Mars / (Record no. 128709)

MARC details
000 -LEADER
fixed length control field 00781cam a2200241 i 4500
001 - CONTROL NUMBER
control field 1275920
003 - CONTROL NUMBER IDENTIFIER
control field ARRUPE
005 - DATE AND TIME OF LATEST TRANSACTION
control field 20181205090431.0
008 - FIXED-LENGTH DATA ELEMENTS--GENERAL INFORMATION
fixed length control field 760515r19741935enk 000 1 eng
010 ## - LIBRARY OF CONGRESS CONTROL NUMBER
LC control number 75307084
015 ## - NATIONAL BIBLIOGRAPHY NUMBER
National bibliography number GB74-06593
020 ## - INTERNATIONAL STANDARD BOOK NUMBER
International Standard Book Number 071811101X :
Terms of availability £2.50
040 ## - CATALOGING SOURCE
Original cataloging agency DLC
Transcribing agency DLC
Modifying agency DLC
050 ## - LIBRARY OF CONGRESS CALL NUMBER
Classification number PR6015.A6425
Item number S75
082 00 - DEWEY DECIMAL CLASSIFICATION NUMBER
Classification number 823/.9/12
300 ## - PHYSICAL DESCRIPTION
Dimensions 21 cm.
100 1# - MAIN ENTRY--PERSONAL NAME
Personal name Wyndham, John,
Dates associated with a name 1903-1969.
9 (RLIN) 43772
245 10 - TITLE STATEMENT
Title Stowaway to Mars /
Statement of responsibility, etc John Wyndham writing as John Beynon.
260 ## - PUBLICATION, DISTRIBUTION, ETC. (IMPRINT)
Place of publication, distribution, etc London :
Name of publisher, distributor, etc Coronet Books,
Date of publication, distribution, etc 1972.
300 ## - PHYSICAL DESCRIPTION
Extent 190 p. ;
500 ## - GENERAL NOTE
General note First ed. published in 1935 under title: Planet plane.
655 #7 - INDEX TERM--GENRE/FORM
Genre/form data or focus term Science fiction.
Source of term gsafd
9 (RLIN) 5240
906 ## - LOCAL DATA ELEMENT F, LDF (RLIN)
a 7
b cbc
c orignew
d u
e ncip
f 19
g y-gencatlg
942 ## - ADDED ENTRY ELEMENTS (KOHA)
Source of classification or shelving scheme Library of Congress Classification
Koha item type Monograph ( Printed materials)
Holdings
Withdrawn status Lost status Source of classification or shelving scheme Damaged status Not for loan Collection code Home library Current library Shelving location Date acquired Total Checkouts Full call number Barcode Date last seen Price effective from Koha item type
    Library of Congress Classification     Main Collection ARRUPE LIBRARY ARRUPE LIBRARY Main Collection 05/12/2018   PR6015.A6425 S75 46600002729 05/12/2018 05/12/2018 Monograph ( Printed materials)

 

Arrupe Library. PO Box MP320 Mt Pleasant, Harare, Zimbabwe
263 242 745411|librarian@aju.ac.zw